| 000 | 01556cab a22002535a 4500 | ||
|---|---|---|---|
| 001 | L140000 | ||
| 008 | 070829s2007 xxk f 000 0 eng d | ||
| 035 | _a(Sirsi) u140000 | ||
| 041 | 0 | _aeng | |
| 100 | 1 | _aAltaras, David | |
| 245 | 0 | 0 |
_aArbitration in England and Wales and the European Convention on Human Rights _bshould arbitrators be frightened? |
| 260 | _c2007 | ||
| 490 | 0 |
_aArbitration _v73(3) August 2007, 262-268(7) |
|
| 520 | _aConsiders the applicability of the European Convention on Human Rights (ECHR) and the Human Rights Act 1998 to arbitration. Notes that two sections of the 1998 Act are of key importance to arbitrators; s6 and s3. Provides an interpretation of the ECHR Art 6, discusses waiving Art 6 rights when parties enter into an arbitration agreement, and looks at Art 6 and the Arbitration Act 1996. Also examines the scope of the ECHR Art 1 in relation to arbitration. Concludes that arbitrators should not be wary of the ECHR, as they already strive to comply with the basic principles of fairness and impartiality. Case law. | ||
| 590 | _aKA | ||
| 650 | 2 | 4 | _aCONVENTION FOR THE PROTECTION OF HUMAN RIGHTS AND FUNDAMENTAL FREEDOMS ART 6 |
| 650 | 2 | 4 | _aCONVENTION FOR THE PROTECTION OF HUMAN RIGHTS AND FUNDAMENTAL FREEDOMS ART 1 |
| 650 | 2 | 4 | _aHUMAN RIGHTS ACT 1998 S6 |
| 650 | 2 | 4 | _aHUMAN RIGHTS ACT 1998 S3 |
| 650 | 2 | 4 | _aARBITRATION ACT 1996 |
| 651 | 4 |
_aEngland and Wales _y1543- |
|
| 690 | _aMANAGEMENT-DISPUTE AVOIDANCE, MANAGEMENT AND RESOLUTION-DISPUTE MANAGEMENT AND RESOLUTION-ARBITRATION | ||
| 942 | _n0 | ||
| 999 |
_c79153 _d79153 |
||